[Event "SVK-chT2C 2223"]
[Site "Slovakia"]
[Date "2022.10.08"]
[Round "1.7"]
[White "Fabian, Janos"]
[Black "Sedliacek, Peter"]
[Result "0-1"]
[WhiteElo "1721"]
[BlackElo "1712"]
[PlyCount "129"]
[EventDate "2022.10.08"]
[EventType "team-tourn"]
[EventRounds "11"]
[EventCountry "SVK"]
[SourceTitle "CBM 210 Extra"]
[Source "ChessBase"]
[SourceDate "2022.11.30"]
[SourceVersion "1"]
[SourceVersionDate "2022.11.30"]
[SourceQuality "1"]
[WhiteTeam "Vinica"]
[BlackTeam "Rajecke Teplice"]
[WhiteTeamCountry "SVK"]
[BlackTeamCountry "SVK"]

1. d4 d6 2. c4 e5 3. dxe5 dxe5 4. Qb3 Nc6 5. e3 Nf6 6. Nc3 Bb4 7. Bd2 0-0 8. 0-0-0 Qe7 9. Nd5 Bxd2+ 10. Rxd2 Nxd5 11. cxd5 Nb8 12. h4 Nd7 13. Nf3 Nf6 14. Qc2 Bg4 15. Ng5 Bh5 16. f3 Bg6 17. e4 h6 18. Nh3 Rfd8 19. Qb3 c6 20. h5 Bh7 21. d6 Rxd6 22. Rxd6 Qxd6 23. Bc4 Qe7 24. g4 b5 25. Be2 Ne8 26. Qe3 f6 27. Nf2 Nc7 28. Rd1 Ne6 29. Qb3 Kf8 30. Qc3 Nd4 31. Bf1 Bg8 32. Kb1 a5 33. f4 b4 34. Qc1 c5 35. fxe5 fxe5 36. Bc4 Rc8 37. Rf1 Bxc4 38. Qxc4 Qe6 39. Qxe6 Nxe6 40. Nd3+ Ke8 41. Nxe5 Rc7 42. Nc4 Ng5 43. e5 a4 44. Kc2 Ke7 45. Rd1 Rd7 46. Re1 Rd4 47. Ne3 Ke6 48. b3 axb3+ 49. Kxb3 Re4 50. Ka4 Rxe5 51. Kb5 Nf3 52. Rc1 Rxe3 53. Rxc5 Re4 54. Rc4 Rxc4 55. Kxc4 Ne5+ 56. Kxb4 Kd6 57. a4 Nxg4 58. Kb5 Kc7 59. Kc5 Nf6 60. a5 Kb7 61. Kd6 Nxh5 62. Ke5 Nf6 63. Kf5 Ne8 64. Kg6 Ka6 65. Kh5 0-1

[Event "SVK-chT2C 1920"]
[Site "Slovakia"]
[Date "2020.02.16"]
[Round "9.5"]
[White "Fabian, Janos"]
[Black "Mydliar, Jan"]
[Result "1/2-1/2"]
[WhiteElo "1803"]
[BlackElo "1912"]
[PlyCount "83"]
[EventDate "2019.10.26"]
[EventType "team-tourn"]
[EventRounds "11"]
[EventCountry "SVK"]
[SourceTitle "CBM 195 Extra"]
[Source "ChessBase"]
[SourceDate "2020.05.31"]
[SourceVersion "1"]
[SourceVersionDate "2020.05.31"]
[SourceQuality "1"]
[WhiteTeam "Vinica"]
[BlackTeam "Ruzomberok Montana"]
[WhiteTeamCountry "SVK"]
[BlackTeamCountry "SVK"]

1. c4 Nf6 2. Nc3 g6 3. d4 d5 4. e3 Bg7 5. Nf3 0-0 6. c5 c6 7. b4 Nbd7 8. Bd3 Re8 9. Bb2 Qc7 10. 0-0 e5 11. dxe5 Nxe5 12. Nxe5 Qxe5 13. Na4 Qc7 14. Qf3 Ng4 15. Qg3 Qxg3 16. hxg3 Ne5 17. Be2 Bf5 18. Bd4 h5 19. Nc3 Re7 20. Rfd1 Rae8 21. a4 Nd7 22. Bxg7 Kxg7 23. Rd4 Nf6 24. Ra2 Ne4 25. Nxe4 Rxe4 26. Rad2 Rxd4 27. exd4 Kf6 28. Kf1 Kg5 29. f4+ Kf6 30. Kf2 Bg4 31. Bf3 Kf5 32. Rd3 g5 33. fxg5 Kxg5 34. Re3 Re6 35. b5 Rxe3 36. Kxe3 Bd7 37. b6 a5 38. Be2 Be6 39. Ba6 Bc8 40. Be2 Be6 41. Ba6 Bc8 42. Be2 1/2-1/2

[Event "SVK-chT2C 1920"]
[Site "Slovakia"]
[Date "2020.02.15"]
[Round "8.7"]
[White "Holeczy, Martin"]
[Black "Fabian, Janos"]
[Result "1/2-1/2"]
[WhiteElo "1971"]
[BlackElo "1803"]
[PlyCount "194"]
[EventDate "2019.10.26"]
[EventType "team-tourn"]
[EventRounds "11"]
[EventCountry "SVK"]
[SourceTitle "CBM 195 Extra"]
[Source "ChessBase"]
[SourceDate "2020.05.31"]
[SourceVersion "1"]
[SourceVersionDate "2020.05.31"]
[SourceQuality "1"]
[WhiteTeam "Banska Bystrica Veza"]
[BlackTeam "Vinica"]
[WhiteTeamCountry "SVK"]
[BlackTeamCountry "SVK"]

1. d4 c6 2. c4 d5 3. e3 Nf6 4. Nf3 Bg4 5. Nbd2 e6 6. Bd3 dxc4 7. Bxc4 Bb4 8. 0-0 Nbd7 9. a3 Ba5 10. b4 Bc7 11. Bb2 Nb6 12. Be2 Qd5 13. Rc1 Nbd7 14. h3 Bh5 15. Re1 0-0 16. e4 Nxe4 17. Bc4 Nxf2 18. Kxf2 Qd6 19. Nf1 Bb6 20. g4 Bg6 21. Kg2 h5 22. Ne5 Nxe5 23. dxe5 Qe7 24. Qf3 hxg4 25. hxg4 Rfd8 26. Rcd1 a5 27. bxa5 Bxa5 28. Rxd8+ Rxd8 29. Rd1 Rxd1 30. Qxd1 Be4+ 31. Kg3 Qc5 32. Qd4 Qxd4 33. Bxd4 b5 34. Bb3 g5 35. Kf2 Bc7 36. Nd2 Bh7 37. Ke3 c5 38. Bxc5 Bxe5 39. Bd1 f5 40. gxf5 Bxf5 41. Nf3 Bf4+ 42. Kf2 e5 43. Bd6 Bg4 44. Bb3+ Kg7 45. Bxe5+ Bxe5 46. Nxe5 Bh5 47. Nf3 Kf6 48. Nd4 Be8 49. Ke3 Bd7 50. Bc2 Ke5 51. Bd3 Kd5 52. Nxb5 Kc5 53. Nc3 g4 54. Be2 Be6 55. Ne4+ Kb6 56. Kd4 Ka5 57. Bd1 Bd7 58. Kc5 g3 59. Nxg3 Ba4 60. Bf3 Bb5 61. Ne4 Ka4 62. Nc3+ Kxa3 63. Nxb5+ Kb3 64. Bd5+ Kb2 65. Kd4 Kc2 66. Ke3 Kb2 67. Kd2 Ka1 68. Kc3 Kb1 69. Na3+ Ka1 70. Nc2+ Kb1 71. Bc4 Kc1 72. Ba2 Kd1 73. Nd4 Ke1 74. Bd5 Kf2 75. Nf5 Ke2 76. Kc2 Ke1 77. Bf3 Kf2 78. Bg4 Ke1 79. Kd3 Kf2 80. Kd2 Kf1 81. Be2+ Kf2 82. Bc4 Kf3 83. Bd3 Kf4 84. Ke2 Ke5 85. Ke3 Kf6 86. Kf4 Ke6 87. Bc4+ Kf6 88. Bd5 Kg6 89. Ke5 Kh7 90. Kf6 Kh8 91. Ne7 Kh7 92. Ng6 Kh6 93. Bg8 Kh5 94. Be6 Kh6 95. Nf8 Kh5 96. Kf5 Kh6 97. Bg8 Kg7 1/2-1/2

[Event "SVK-chT2C 1819"]
[Site "Slovakia"]
[Date "2018.11.17"]
[Round "3.8"]
[White "Kovac, Ondrej"]
[Black "Fabian, Janos"]
[Result "0-1"]
[WhiteElo "1699"]
[BlackElo "1783"]
[PlyCount "92"]
[EventDate "2018.10.13"]
[EventType "team-tourn"]
[EventRounds "11"]
[EventCountry "SVK"]
[SourceTitle "CBM 187 Extra"]
[Source "ChessBase"]
[SourceDate "2018.11.04"]
[SourceVersion "1"]
[SourceVersionDate "2018.11.04"]
[SourceQuality "1"]
[WhiteTeam "Zilina Mladost II"]
[BlackTeam "Vinica"]
[WhiteTeamCountry "SVK"]
[BlackTeamCountry "SVK"]

1. e4 c5 2. Nf3 Nc6 3. d4 cxd4 4. Nxd4 e6 5. Nc3 a6 6. Be3 Bb4 7. Bc4 Qc7 8. Bb3 Nf6 9. f3 Na5 10. Qd3 Nxb3 11. cxb3 d5 12. exd5 Nxd5 13. Bd2 Qe5+ 14. Kf2 Bc5 15. Nce2 Bd7 16. Qe4 Qxe4 17. fxe4 Nf6 18. Kf3 e5 19. Nf5 g6 20. Ne3 Bc6 21. Nc3 Rd8 22. Rad1 0-0 23. Ncd5 Nxd5 24. Nxd5 Bxd5 25. exd5 Rxd5 26. Ba5 Bd4 27. Bc3 Rfd8 28. Rde1 f6 29. Re2 b5 30. Rc1 Bb6 31. g3 a5 32. Be1 f5 33. Rc6 e4+ 34. Kf4 R8d6 35. Rec2 Bd8 36. Rxd6 g5+ 37. Ke3 Rxd6 38. Rd2 Bb6+ 39. Ke2 Rxd2+ 40. Bxd2 h6 41. Bc3 Kf7 42. Bd2 Kg6 43. Bc1 Kf6 44. Bd2 Ke5 45. Bc3+ Kd5 46. Bd2 Bc7 0-1